[Event "Millionaire Chess Open 2014"]
[Site "Las Vegas USA"]
[Date "2014.10.12"]
[Round "7.37"]
[White "Wang, Qibiao"]
[Black "Felecan, Florin"]
[Result "1-0"]
[BlackTitle "IM"]
[WhiteElo "2174"]
[BlackElo "2355"]
[WhiteFideId "8604282"]
[BlackFideId "2016230"]
[EventDate "2014.10.09"]

1. e4 d6 2. d4 g6 3. Nc3 Bg7 4. Nf3 Nf6 5. h3 O-O 6. Be3 a6 7. a4 b6 8. Bd3 Bb7
9. O-O Nc6 10. d5 Nb4 11. Bc4 c6 12. Bb3 Rc8 13. Qd2 cxd5 14. Nxd5 Nbxd5 15.
exd5 Ne4 16. Qb4 Nc5 17. c3 a5 18. Qa3 Qc7 19. Rfe1 Rfe8 20. Rad1 Ba6 21. Bc2 b5
22. axb5 Bxb5 23. Nd4 Bd7 24. Bg5 e5 25. dxe6 fxe6 26. b4 Bxd4 27. Rxd4 e5 28.
Rc4 Be6 29. bxc5 Bxc4 30. cxd6 Qf7 31. Be7 Rf8 32. Bxf8 Rxf8 33. Qc5 Qf4 34. f3
Bf7 35. d7 Qd2 36. Rd1 Qxc2 37. d8=Q Rxd8 38. Rxd8+ Kg7 39. Qxe5+ Kh6 40. Rd4 g5
41. h4 1-0

[Event "Millionaire Chess Open 2014"]
[Site "Las Vegas USA"]
[Date "2014.10.12"]
[Round "7.38"]
[White "Kashebayev, Azamat"]
[Black "Pourkashiyan, Atousa"]
[Result "1-0"]
[BlackTitle "WGM"]
[WhiteElo "2128"]
[BlackElo "2332"]
[WhiteFideId "13706420"]
[BlackFideId "12502014"]
[EventDate "2014.10.09"]

1. d4 Nf6 2. c4 e6 3. Nc3 Bb4 4. a3 Bxc3+ 5. bxc3 O-O 6. e3 b6 7. Ne2 Bb7 8. Ng3
c5 9. Bd3 d5 10. cxd5 exd5 11. O-O Re8 12. Bb1 Nbd7 13. f3 Nf8 14. Ra2 Qd7 15.
Re1 Rad8 16. Rd2 Qb5 17. Bb2 h5 18. e4 h4 19. e5 hxg3 20. exf6 gxh2+ 21. Kh1
gxf6 22. f4 Bc8 23. f5 Nh7 24. c4 dxc4 25. d5 c3 26. Bxc3 Rxe1+ 27. Qxe1 Kh8 28.
Rd3 Bxf5 29. a4 Qd7 30. Rf3 Bxb1 31. Qxb1 Qxd5 32. Qb2 Qg5 33. Rxf6 Kg8 34. Rf3
c4 35. Qe2 Qc1+ 1-0

[Event "Millionaire Chess Open 2014"]
[Site "Las Vegas USA"]
[Date "2014.10.12"]
[Round "7.39"]
[White "Harris, Ian"]
[Black "Perez, Robert M"]
[Result "1/2-1/2"]
[WhiteElo "2122"]
[BlackElo "2332"]
[WhiteFideId "2020092"]
[BlackFideId "2035251"]
[EventDate "2014.10.09"]

1. e4 c5 2. Nf3 d6 3. b3 Nc6 4. Bb2 e5 5. Bb5 f5 6. d3 Nf6 7. Nc3 a6 8. Bc4 b5
9. Bd5 Nxd5 10. Nxd5 Ne7 11. Qe2 Nxd5 12. exd5 Be7 13. O-O O-O 14. Rae1 b4 15.
d4 cxd4 16. Nxd4 Bf6 17. Nc6 Qb6 18. Qd3 Qb5 19. Rd1 Bd7 20. a4 Qb7 21. Na5 Qc7
22. Nc4 Rab8 23. Qe2 Bc8 24. Rfe1 a5 25. f4 e4 26. Bxf6 Rxf6 27. Qd2 Ba6 28. Ne3
Qc5 29. Qd4 Rc8 30. Kf2 Rf7 31. Rg1 g6 32. g4 fxg4 33. Rxg4 Rcf8 34. Qxc5 dxc5
35. d6 Bc8 36. f5 Bxf5 37. Nxf5 Rxf5+ 38. Ke3 Rd8 39. Rxe4 Rf6 40. d7 Kf7 41.
Rd5 Rf5 42. Rxf5+ gxf5 43. Re5 Kf6 44. Kf4 Rxd7 45. Rxf5+ Ke6 46. Rxc5 Rd2 47.
h4 Rd4+ 48. Kg3 Rd2 49. h5 Kd6 50. Rxa5 Rxc2 51. Rb5 Rc3+ 52. Kf4 Rxb3 53. Kg5
Ke6 54. Kh6 Kf6 55. Kxh7 Rh3 56. Kh6 b3 57. a5 Rc3 58. Rb6+ Kf5 59. a6 Rc7 60.
Rb5+ Kg4 61. Rb4+ Kf5 62. Rb6 Ra7 63. Rb5+ Kg4 64. Rb4+ Kf5 65. Rb6 b2 66. Rb5+
Kg4 67. Rb4+ Kf5 68. Rb5+ 1/2-1/2

[Event "Millionaire Chess Open 2014"]
[Site "Las Vegas USA"]
[Date "2014.10.12"]
[Round "7.40"]
[White "Pinto Henriquez, Rodrigo"]
[Black "Rojas Sepulveda, Eduardo"]
[Result "1/2-1/2"]
[BlackTitle "FM"]
[WhiteElo "2115"]
[BlackElo "2311"]
[WhiteFideId "2207931"]
[BlackFideId "3400166"]
[EventDate "2014.10.09"]

1. d4 Nf6 2. c4 e6 3. Nf3 d5 4. Nc3 Be7 5. Bg5 Nbd7 6. e3 O-O 7. Rc1 dxc4 8.
Bxc4 c5 9. O-O cxd4 10. exd4 Nb6 11. Bb3 Nfd5 12. Bxe7 Qxe7 13. Nxd5 Nxd5 14.
Bxd5 exd5 15. Re1 Qb4 16. Qd2 Qxd2 17. Nxd2 Be6 18. Rc7 b6 19. Nb1 Rfc8 20. Rec1
Kf8 21. Kf1 Ke8 22. Rxc8+ Rxc8 23. Rxc8+ Bxc8 24. Nc3 Be6 25. Ke2 Kd7 26. Ke3
Kc6 27. Kf4 Bd7 28. Ke5 f6+ 29. Kf4 Kd6 30. h4 a5 31. g4 b5 32. a3 Ke6 33. b4
axb4 34. axb4 Be8 35. h5 Bc6 36. Ne2 Bd7 37. Ng3 Kf7 38. g5 Be6 39. Nf1 fxg5+
40. Kxg5 h6+ 41. Kf4 Kf6 42. Ne3 Bf7 43. Kg4 Be6+ 44. Kh4 Bf7 45. f3 Be6 46. f4
g6 47. hxg6 Kxg6 48. f5+ Bxf5 49. Nxd5 Be6 50. Nf4+ Kf5 51. Kg3 Bb3 52. Kf3 h5
53. d5 Ke5 54. Ke3 Bd1 55. Ng6+ Kxd5 56. Kd3 Bg4 57. Nf4+ Ke5 58. Ke3 Kf5 59.
Nd5 Kg5 60. Kf2 Bd7 61. Kg3 h4+ 62. Kh2 Bc6 63. Nc3 Kg4 64. Nb1 Bd7 65. Nc3 Bc6
66. Ne2 Bd5 67. Nc3 Bc4 68. Nd1 Kf4 69. Nc3 Bf1 70. Nd5+ 1/2-1/2

[Event "Millionaire Chess Open 2014"]
[Site "Las Vegas USA"]
[Date "2014.10.12"]
[Round "7.42"]
[White "Kavutskiy, Konstantin"]
[Black "Zygouris, Hristos"]
[Result "0-1"]
[WhiteTitle "FM"]
[WhiteElo "2307"]
[BlackElo "2200"]
[WhiteFideId "2026384"]
[BlackFideId "4200292"]
[EventDate "2014.10.09"]

1. d4 Nf6 2. c4 e6 3. Nf3 d5 4. Nc3 Nbd7 5. Bf4 dxc4 6. e4 Bb4 7. Nd2 Nb6 8. a3
Ba5 9. Be5 O-O 10. f3 Nh5 11. Nxc4 Nxc4 12. Bxc4 f6 13. Bg3 Nxg3 14. hxg3 Qd6
15. f4 Bb6 16. Nb5 Qe7 17. d5 Rd8 18. f5 Qc5 19. Qe2 exd5 20. exd5 Bxf5 21. b4
Qf8 22. O-O-O Kh8 23. Bd3 Bxd3 24. Qxd3 h6 25. Rhe1 a5 26. d6 cxd6 27. Qd5 Rac8+
28. Kb2 Rc6 29. Re6 axb4 30. axb4 Qf7 31. Rde1 Qg6 32. R6e4 Bf2 33. R1e2 Bxg3
34. Nd4 Be5 35. Rxe5 fxe5 36. Nxc6 bxc6 37. Qxc6 Qg4 38. Qe4 Qxe4 39. Rxe4 Kg8
40. Kb3 Kf7 41. b5 Ke6 42. Kb4 d5 43. Re1 d4 44. b6 Kd5 45. Kb5 d3 46. b7 d2 47.
Rd1 Ke4 48. Kc6 Ke3 49. Kc7 Rf8 0-1

[Event "Millionaire Chess Open 2014"]
[Site "Las Vegas USA"]
[Date "2014.10.12"]
[Round "7.43"]
[White "Schmakel, Sam A"]
[Black "Melekhina, Alisa"]
[Result "1-0"]
[WhiteTitle "FM"]
[BlackTitle "FM"]
[WhiteElo "2305"]
[BlackElo "2190"]
[WhiteFideId "2039311"]
[BlackFideId "2022613"]
[EventDate "2014.10.09"]

1. d4 Nf6 2. c4 c5 3. d5 b5 4. cxb5 a6 5. bxa6 g6 6. Nc3 Bxa6 7. Nf3 d6 8. e4
Bxf1 9. Kxf1 Bg7 10. g3 O-O 11. Kg2 Nbd7 12. a4 Ra6 13. Qc2 Qa8 14. Bg5 c4 15.
Nb5 Rc8 16. Nbd4 Nc5 17. Nc6 Raxc6 18. Bxf6 Ra6 19. Bxg7 Kxg7 20. Qxc4 Nxa4 21.
Qd4+ Kg8 22. b4 Nc3 23. Rxa6 Qxa6 24. Rc1 Qa3 25. Re1 Nb5 26. Qd2 Rc4 27. e5
Qxb4 28. Qh6 e6 29. Ng5 Rc7 30. Nxh7 f5 31. Nf6+ Kf7 32. Qh7+ Kf8 33. Qg8+ 1-0

[Event "Millionaire Chess Open 2014"]
[Site "Las Vegas USA"]
[Date "2014.10.12"]
[Round "7.44"]
[White "Williams, Justus D"]
[Black "Barnett, Alexander"]
[Result "1-0"]
[WhiteTitle "FM"]
[BlackTitle "FM"]
[WhiteElo "2296"]
[BlackElo "2194"]
[WhiteFideId "2049929"]
[BlackFideId "2019906"]
[EventDate "2014.10.09"]

1. Nf3 c5 2. c4 Nc6 3. g3 g6 4. Bg2 Bg7 5. O-O d6 6. Nc3 e6 7. a3 Nge7 8. b4 b6
9. Rb1 Bb7 10. e3 O-O 11. Qb3 Nf5 12. Rd1 Rc8 13. Bb2 Ba8 14. Ne2 Bxb2 15. Qxb2
d5 16. cxd5 exd5 17. d4 c4 18. Nc3 Nce7 19. b5 Nd6 20. Nd2 Rc7 21. Re1 Bb7 22.
Rbc1 Qa8 23. a4 Bc8 24. a5 Be6 25. e4 Rd8 26. exd5 Nxd5 27. Re5 Nf5 28. Nde4 Kg7
29. Ng5 Rd6 30. Rxe6 fxe6 31. Nxe6+ Rxe6 32. Nxd5 c3 33. Qa2 Rf7 34. Nf4 Re4 35.
Ne6+ Kf6 36. Ng5 Kxg5 37. Qxf7 Nxd4 38. h4+ Kh6 39. Kh2 Qe8 40. Qxa7 Re1 41.
Qxb6 Rxc1 42. Qxd4 1-0

[Event "Millionaire Chess Open 2014"]
[Site "Las Vegas USA"]
[Date "2014.10.12"]
[Round "7.45"]
[White "Davis, Tony USA"]
[Black "Adithya, B."]
[Result "1-0"]
[WhiteElo "2218"]
[BlackElo "2289"]
[WhiteFideId "2014300"]
[BlackFideId "5020506"]
[EventDate "2014.10.09"]

1. e4 e5 2. Nf3 Nc6 3. Bb5 a6 4. Ba4 Nf6 5. O-O Be7 6. Re1 b5 7. Bb3 O-O 8. h3
Bb7 9. d3 d6 10. c3 Na5 11. Bc2 c5 12. Nbd2 Re8 13. Nf1 Bf8 14. Bg5 h6 15. Be3
d5 16. exd5 Qxd5 17. Ng3 Rad8 18. b4 Nc6 19. bxc5 Bxc5 20. Bb3 Qd6 21. Nf5 Qf8
22. Qc2 Bxe3 23. Rxe3 g6 24. Ng3 Nd5 25. d4 Kg7 26. Bxd5 Rxd5 27. Rae1 Qd6 28.
dxe5 Nxe5 29. Nd4 Qc5 30. Qe4 Red8 31. Qh4 R8d6 32. Qe7 Nd7 33. Ngf5+ gxf5 34.
Rg3+ Rg6 35. Ne6+ Kh8 36. Nxc5 Rxg3 37. fxg3 1-0

[Event "Millionaire Chess Open 2014"]
[Site "Las Vegas USA"]
[Date "2014.10.12"]
[Round "7.46"]
[White "Morrison, William"]
[Black "Obrien, Matthew J"]
[Result "1-0"]
[WhiteTitle "FM"]
[WhiteElo "2274"]
[BlackElo "1962"]
[WhiteFideId "2009315"]
[BlackFideId "2059150"]
[EventDate "2014.10.09"]

1. e4 c5 2. Nf3 d6 3. c3 Nf6 4. Bd3 Nc6 5. Bc2 Bg4 6. h3 Bh5 7. d3 e6 8. Nbd2
Be7 9. Qe2 d5 10. Nf1 Qc7 11. g4 Bg6 12. Ng3 O-O-O 13. Bd2 Bd6 14. Rg1 h5 15. g5
h4 16. gxf6 hxg3 17. fxg7 Rxh3 18. O-O-O dxe4 19. dxe4 Rh7 20. e5 Nxe5 21. Bg5
Rg8 22. Bf6 Nxf3 23. Qxf3 Bxc2 24. Kxc2 Rh2 25. Kb1 Rxf2 26. Qd3 Rxf6 27. Qh7
Rxg7 28. Qxg7 Rg6 29. Qh8+ Kd7 30. Rg2 Kc6 31. Qe8+ Qd7 32. Rxd6+ 1-0

[Event "Millionaire Chess Open 2014"]
[Site "Las Vegas USA"]
[Date "2014.10.12"]
[Round "7.47"]
[White "Nita, Marian"]
[Black "Kretchetov, Alexandre"]
[Result "1/2-1/2"]
[BlackTitle "FM"]
[WhiteElo "2069"]
[BlackElo "2265"]
[WhiteFideId "2015552"]
[BlackFideId "4124588"]
[EventDate "2014.10.09"]

1. d4 d5 2. c4 c6 3. Nf3 Nf6 4. Nc3 a6 5. e3 b5 6. cxd5 cxd5 7. Bd3 Bg4 8. Qb3
Bxf3 9. gxf3 e6 10. Bd2 Be7 11. a4 b4 12. Ne2 Qa5 13. O-O O-O 14. Rfc1 Nbd7 15.
Rc6 Rfc8 16. Qc2 Nb6 17. b3 g6 18. Rc1 Nfd7 19. Qd1 e5 20. R1c2 f5 21. Ng3 e4
22. Be2 Rxc6 23. Rxc6 Rf8 24. f4 Nb8 25. Rc2 Rc8 26. Qc1 Rxc2 27. Qxc2 Bd6 28.
Kg2 Kf7 29. h4 Ke7 30. h5 Kd7 31. hxg6 hxg6 32. Qc1 Nc8 33. f3 exf3+ 34. Bxf3
Ne7 35. Ne2 Nbc6 36. Qd1 Qd8 37. Nc1 Qh8 38. Qh1 Qxh1+ 39. Kxh1 Ke6 40. Be2 a5
41. Be1 Ng8 42. Bb5 Nce7 43. Bh4 Nf6 44. Bxf6 Kxf6 45. Kg2 g5 46. fxg5+ Kxg5 1/2-1/2

[Event "Millionaire Chess Open 2014"]
[Site "Las Vegas USA"]
[Date "2014.10.12"]
[Round "7.48"]
[White "Martin Del Campo C., Roberto"]
[Black "Braunlich, Tom"]
[Result "1-0"]
[WhiteTitle "IM"]
[WhiteElo "2350"]
[BlackElo "2145"]
[WhiteFideId "5100046"]
[BlackFideId "2017016"]
[EventDate "2014.10.09"]

1. e4 c5 2. Nf3 d6 3. d4 cxd4 4. Nxd4 Nf6 5. Nc3 a6 6. Bg5 e6 7. f4 Nc6 8. Nxc6
bxc6 9. e5 h6 10. Bh4 g5 11. fxg5 Nd5 12. Ne4 Qb6 13. Bd3 hxg5 14. Bxg5 Qxb2 15.
Nf6+ Nxf6 16. Bxf6 Qc3+ 17. Kf1 Rg8 18. Rb1 a5 19. g3 Bg7 20. Qg4 Kf8 21. Bxg7+
Rxg7 22. Qh4 Ba6 23. Bxa6 Qf3+ 24. Kg1 Qe3+ 25. Kg2 Qd2+ 26. Kh3 Qxc2 27. Qh8+
Rg8 28. Qh6+ Rg7 29. Rhd1 Qh7 30. Qxh7 Rxh7+ 31. Kg2 Rxa6 32. Rb8+ Ke7 33. exd6+
Kd7 34. Rb7+ Kd8 35. Re7 Rh5 36. Rxf7 Rd5 37. Rb1 Rb5 38. Re1 e5 39. Ref1 Rd5
40. Rh7 Ke8 41. Re7+ 1-0

[Event "Millionaire Chess Open 2014"]
[Site "Las Vegas USA"]
[Date "2014.10.12"]
[Round "7.49"]
[White "Rozman, Levy"]
[Black "Magana Cazares, Jesus Cuau"]
[Result "1/2-1/2"]
[WhiteElo "2284"]
[BlackElo "2113"]
[WhiteFideId "2039877"]
[BlackFideId "5116023"]
[EventDate "2014.10.09"]

1. d4 Nf6 2. Bg5 Ne4 3. Bf4 d5 4. e3 c5 5. Bd3 Nf6 6. c3 Qb6 7. Nd2 g6 8. b4
cxd4 9. cxd4 Qxb4 10. Nf3 Bg7 11. Qc1 Nc6 12. Bc7 e6 13. Ne5 O-O 14. Nxc6 bxc6
15. Rb1 Qe7 16. Qxc6 Bd7 17. Qd6 Qxd6 18. Bxd6 Rfc8 19. Ke2 Rc6 20. Bc5 Bf8 21.
Nb3 Rc7 22. Rb2 Rb8 23. Rbb1 Bb5 24. f3 Nd7 25. Bxf8 Kxf8 26. Rbc1 Bxd3+ 27.
Kxd3 Rbc8 28. Rxc7 Rxc7 29. e4 Ke7 30. Rb1 Kd8 31. h4 h5 32. exd5 exd5 33. Re1
Rc6 34. Re2 Rc4 35. g4 Rc6 36. g5 Re6 37. Rxe6 fxe6 38. Kc3 Kc7 39. Kb4 Kb6 40.
Nc1 a5+ 41. Kc3 Kc6 42. a4 Kd6 43. Nb3 Nb6 44. Nxa5 Nxa4+ 45. Kd2 Nb6 46. Nb7+
Ke7 47. Nc5 Nc4+ 48. Ke2 Nd6 49. Nd3 Kf7 50. Ne5+ Kg7 51. f4 Nf5 52. Nf3 1/2-1/2

[Event "Millionaire Chess Open 2014"]
[Site "Las Vegas USA"]
[Date "2014.10.12"]
[Round "7.50"]
[White "Heredia Serrano, Carla"]
[Black "Yanayt, Eugene"]
[Result "1/2-1/2"]
[WhiteTitle "WGM"]
[BlackTitle "FM"]
[WhiteElo "2135"]
[BlackElo "2257"]
[WhiteFideId "3603687"]
[BlackFideId "2020165"]
[EventDate "2014.10.09"]

1. e4 c5 2. Nf3 d6 3. d4 cxd4 4. Qxd4 a6 5. h3 Nc6 6. Qe3 g6 7. c4 Bg7 8. Be2
Nf6 9. Nc3 O-O 10. O-O b6 11. Rb1 Bb7 12. Rd1 Nd7 13. Nd5 Rc8 14. b3 Re8 15. Bb2
f6 16. h4 Nce5 17. Nxe5 fxe5 18. h5 Rb8 19. hxg6 hxg6 20. Bg4 Bc8 21. Be6+ Kf8
22. Qg3 Nc5 23. Bxc8 Qxc8 24. Qxg6 Qe6 25. Qxe6 Nxe6 26. Rbc1 Nc5 27. f3 Rec8
28. Rc2 Kf7 29. Bc1 Ne6 30. Be3 Nd4 31. Bxd4 exd4 32. Kf1 b5 33. Ke2 Be5 34. f4
Bg7 35. f5 Be5 36. Kd3 Rg8 37. cxb5 Rg3+ 38. Kd2 Rxg2+ 39. Kc1 Rxc2+ 40. Kxc2
axb5 41. Rh1 Rg8 42. Rh7+ Kf8 43. Rxe7 Rg2+ 44. Kd3 Rg3+ 45. Kd2 Bf4+ 46. Nxf4
Kxe7 47. Ne2 Re3 48. Nxd4 Rxe4 49. Kd3 Rf4 50. Nxb5 Rxf5 51. Nd4 Rh5 52. a4 d5
53. a5 Rh3+ 54. Kc2 Kd6 55. b4 Kc7 56. Kb2 Kb7 57. b5 Kc7 58. b6+ Kb7 59. Kc2
Ka6 60. Nb3 d4 61. Nxd4 Rh2+ 62. Kc3 Rh3+ 63. Kb4 Rh4 64. Kc3 Kxa5 65. b7 Rh8
66. b8=Q 1/2-1/2

[Event "Millionaire Chess Open 2014"]
[Site "Las Vegas USA"]
[Date "2014.10.12"]
[Round "7.51"]
[White "Chandran, Kapil"]
[Black "De Seroux, Camille"]
[Result "1-0"]
[BlackTitle "WFM"]
[WhiteElo "2198"]
[BlackElo "2099"]
[WhiteFideId "2034077"]
[BlackFideId "1305620"]
[EventDate "2014.10.09"]

1. d4 Nf6 2. c4 g6 3. Nc3 Bg7 4. e4 d6 5. Nf3 O-O 6. Be2 e5 7. O-O Nc6 8. d5 Ne7
9. Ne1 Nd7 10. Nd3 f5 11. Bd2 Nf6 12. f3 Kh8 13. c5 f4 14. cxd6 cxd6 15. Qc2 g5
16. Nf2 h5 17. Nb5 Ne8 18. Rfc1 Rf6 19. Nc7 Nxc7 20. Qxc7 Qf8 21. Ba5 g4 22. Qd8
g3 23. Nd1 gxh2+ 24. Kxh2 Ng6 25. Qxf8+ Bxf8 26. Rc7 h4 27. Rac1 Ne7 28. Bb5 Rh6
29. Bd7 Bxd7 30. Rxd7 Ng6 31. Nf2 h3 32. Nxh3 Be7 33. Kg1 Rg8 34. Nf2 Rh5 35.
Bb4 Rg7 36. Rc8+ Kh7 37. Rcc7 Rg5 38. Ng4 Bf8 39. Bxd6 Rxd7 40. Rxd7+ Kh8 41.
Nf6 1-0

[Event "Millionaire Chess Open 2014"]
[Site "Las Vegas USA"]
[Date "2014.10.12"]
[Round "7.52"]
[White "Calugar, Arthur"]
[Black "Makka, Ioulia"]
[Result "1/2-1/2"]
[WhiteTitle "IM"]
[BlackTitle "WIM"]
[WhiteElo "2240"]
[BlackElo "2098"]
[WhiteFideId "2606933"]
[BlackFideId "4205316"]
[EventDate "2014.10.09"]

1. Nf3 Nf6 2. b3 d5 3. Bb2 c6 4. g3 Bg4 5. Bg2 e6 6. O-O Nbd7 7. d3 a5 8. a4 Bb4
9. Nbd2 O-O 10. Re1 Qe7 11. d4 Ne4 12. Nxe4 Bxe1 13. Nxe1 dxe4 14. Ba3 c5 15.
Bxe4 Ra7 16. dxc5 Nxc5 17. Qd4 b6 18. Nd3 Rc8 19. Bxh7+ Kxh7 20. Qxg4 Qf6 21.
Bb2 Qg6 22. Qxg6+ Kxg6 23. Ne5+ Kh7 24. Nc4 Rc6 25. Bd4 Nd7 26. Rd1 f6 27. Be3
Kg6 28. Rd2 Rac7 29. g4 Kf7 30. g5 Ke7 31. gxf6+ gxf6 32. Rd4 Nc5 33. Rg4 Kf7
34. h4 e5 35. h5 Ke6 36. h6 Rh7 37. Nxb6 Rxb6 38. Bxc5 Rb8 39. Be3 Kf7 40. Rc4
Kg6 41. Rc5 Ra8 42. c4 Rd7 43. f4 Kf5 44. Kf2 Ke4 45. Rc6 exf4 46. Bb6 Kf5 47.
Rc5+ Kg4 48. Bxa5 Rh7 49. Rc7 Rxh6 50. Rg7+ Kf5 51. b4 Re8 52. Rg2 Rh3 53. Kf1 1/2-1/2

[Event "Millionaire Chess Open 2014"]
[Site "Las Vegas USA"]
[Date "2014.10.12"]
[Round "7.53"]
[White "Onabogun, Kolade"]
[Black "Estay Torreblanca, Oscar"]
[Result "1/2-1/2"]
[WhiteElo "2143"]
[BlackElo "2235"]
[WhiteFideId "8500410"]
[BlackFideId "3404250"]
[EventDate "2014.10.09"]

1. e4 e5 2. Nf3 Nc6 3. Bb5 a6 4. Ba4 Nf6 5. d3 b5 6. Bb3 Be7 7. O-O O-O 8. Re1
Bb7 9. Nc3 d6 10. a3 h6 11. Ne2 d5 12. exd5 Nxd5 13. Ng3 Bf6 14. Nh5 Nb6 15. c3
Re8 16. d4 Nc4 17. Bc2 Nd6 18. Be3 exd4 19. Nxf6+ Qxf6 20. Nxd4 Nxd4 21. Qxd4
Qxd4 22. Bxd4 Rxe1+ 23. Rxe1 Re8 24. Rxe8+ Nxe8 25. a4 Bd5 26. axb5 axb5 27. f3
Nd6 28. Kf2 f6 29. g4 Kf7 30. h4 g5 31. h5 c6 32. b3 Ke6 33. Ke3 1/2-1/2

[Event "Millionaire Chess Open 2014"]
[Site "Las Vegas USA"]
[Date "2014.10.12"]
[Round "7.54"]
[White "Contreras, Henry"]
[Black "Stancil, Kimani A"]
[Result "1-0"]
[WhiteTitle "FM"]
[WhiteElo "2203"]
[BlackElo "2071"]
[WhiteFideId "4400623"]
[BlackFideId "2018594"]
[EventDate "2014.10.09"]

1. e4 c5 2. Nf3 d6 3. d4 cxd4 4. Nxd4 Nf6 5. Nc3 g6 6. Be3 a6 7. f3 b5 8. a4 b4
9. Na2 e5 10. Nb3 d5 11. Bg5 d4 12. c3 bxc3 13. bxc3 Nc6 14. cxd4 Nxd4 15. Nxd4
exd4 16. Bc4 h6 17. Bd2 Be6 18. Qe2 Bc5 19. Bxa6 Kf8 20. Bb5 d3 21. Qxd3 Qxd3
22. Bxd3 Rxa4 23. Bc3 Kg7 24. Nc1 Rha8 25. Rxa4 Rxa4 26. Bc2 Rc4 27. Kd2 Bb4 28.
Bxb4 Rxb4 29. Nd3 Rb6 30. Rb1 Rc6 31. Rb7 Ne8 32. Ba4 Rc8 33. Bxe8 Rxe8 34. Ke3
Rc8 35. h4 Rc6 36. g4 Rc2 37. Nf4 Kf6 38. Nd3 Kg7 39. e5 g5 40. h5 Rc3 41. Kd4
Rc4+ 42. Ke3 Rc3 43. Kd2 Rc4 44. Ra7 Kh7 45. Nf2 Rc5 46. Nd3 Rc4 47. Ra5 Rd4 48.
Ke3 Rc4 49. Nc5 Rc3+ 50. Kd4 Rc4+ 51. Kd3 Rf4 52. Nxe6 fxe6 53. Ra7+ Kg8 54. Ke3
Rb4 55. Re7 Rb6 56. Kd4 Rc6 57. Rd7 Rc8 58. Re7 Rc6 59. Ke4 Rc4+ 60. Kd3 Rc6 61.
Kd4 Kh8 62. Rf7 Kg8 63. Rf6 Kg7 64. Rg6+ Kh7 65. Ke4 Ra6 66. Kd3 Ra3+ 67. Kd4
Rxf3 68. Rxe6 Rf4+ 69. Kd5 Rxg4 70. Rf6 Ra4 71. Rg6 Rh4 72. Rf6 Rxh5 73. e6 g4+
74. Kd6 Rh1 75. e7 Rd1+ 76. Ke6 Re1+ 77. Kd7 Rd1+ 78. Rd6 Re1 79. Re6 Rd1+ 80.
Kc6 Rc1+ 81. Kd5 Rc8 82. e8=Q Rxe8 83. Rxe8 Kg6 84. Ke4 Kg5 85. Rg8+ Kh4 86. Kf4
h5 1-0

[Event "Millionaire Chess Open 2014"]
[Site "Las Vegas USA"]
[Date "2014.10.12"]
[Round "7.56"]
[White "Sage, J Timothy"]
[Black "Farfan Ortiz, Enrique Alfredo"]
[Result "0-1"]
[WhiteElo "2095"]
[BlackElo "2187"]
[WhiteFideId "2086158"]
[BlackFideId "3406890"]
[EventDate "2014.10.09"]

1. d4 d5 2. c4 c6 3. Nc3 Nf6 4. Nf3 e6 5. Bg5 dxc4 6. e4 b5 7. a4 Bb4 8. e5 h6
9. exf6 hxg5 10. fxg7 Rg8 11. h4 g4 12. Ne5 Rxg7 13. Nxg4 c5 14. Qf3 cxd4 15.
O-O-O Qb6 16. Nxb5 Bb7 17. Qf4 d3 18. Nc7+ Kf8 19. Nxa8 Bxa8 20. Qxc4 Rxg4 21.
Qxd3 Qc5+ 22. Qc2 Nc6 23. f3 Rf4 24. b3 Qe3+ 25. Kb1 Nd4 26. Qb2 Be4+ 27. Ka2
Bc3 28. Qc1 Qf2+ 29. Ka3 Nc2+ 30. Ka2 Nb4+ 0-1

[Event "Millionaire Chess Open 2014"]
[Site "Las Vegas USA"]
[Date "2014.10.12"]
[Round "7.57"]
[White "Beilin, Allan"]
[Black "Crespo Hidalgo, Carlos"]
[Result "0-1"]
[WhiteElo "2076"]
[BlackElo "2172"]
[WhiteFideId "2033160"]
[BlackFideId "3605612"]
[EventDate "2014.10.09"]

1. e4 c6 2. d4 d5 3. e5 Bf5 4. c4 dxc4 5. Bxc4 e6 6. Nc3 Nd7 7. Nge2 Nb6 8. Bb3
Ne7 9. O-O Ned5 10. Ng3 Bg6 11. f4 Qd7 12. Nce4 Nb4 13. a3 Na6 14. Ng5 Nc7 15.
Re1 Nbd5 16. h4 h6 17. N5e4 O-O-O 18. h5 Bxe4 19. Nxe4 f5 20. exf6 gxf6 21. Qe2
Rg8 22. Qf3 f5 23. Nc3 Bg7 24. Nxd5 Nxd5 25. Qf2 Bf6 26. Bd2 Rg4 27. Re2 Qg7 28.
Be3 Nxe3 29. Rxe3 Bxd4 30. Rae1 Bxe3 31. Rxe3 Qd4 32. Rxe6 Qxf2+ 33. Kxf2 Rd2+
34. Re2 Rxg2+ 35. Kxg2 Rxe2+ 36. Kf3 Rxb2 37. Be6+ Kd8 38. Bxf5 Ke7 39. Kg4 Kf6
40. Bc8 b5 41. Bd7 c5 42. a4 b4 0-1

[Event "Millionaire Chess Open 2014"]
[Site "Las Vegas USA"]
[Date "2014.10.12"]
[Round "7.58"]
[White "Navarro Segura, Roberto"]
[Black "Zaloznyy, Mike"]
[Result "1/2-1/2"]
[WhiteTitle "IM"]
[WhiteElo "2184"]
[BlackElo "2051"]
[WhiteFideId "5100364"]
[BlackFideId "2023075"]
[EventDate "2014.10.09"]

1. e4 d6 2. d4 Nf6 3. Nc3 c6 4. Nf3 Bg4 5. h3 Bh5 6. Bd3 Nbd7 7. g4 Bg6 8. e5
Bxd3 9. Qxd3 Nd5 10. Nxd5 cxd5 11. e6 fxe6 12. Ng5 Nf6 13. Nxe6 Qd7 14. Qe2 Ne4
15. Nf4 Qc6 16. Rg1 Qc4 17. c3 e5 18. Qxc4 dxc4 19. Nd5 Rc8 20. Be3 b6 21. g5 h6
22. h4 hxg5 23. hxg5 Rh3 24. Ke2 Kd7 25. Rh1 Rxh1 26. Rxh1 Ke6 27. Nb4 Kf5 28.
Rh8 Nxg5 29. Rh5 Be7 30. Nd5 Bd8 31. Bxg5 Kg4 32. Rh7 Bxg5 33. Rxg7 Kh5 34. dxe5
Rc5 35. Nf6+ Bxf6 36. exf6 Kh6 37. Rg3 Re5+ 38. Re3 Kg6 39. f4 Rb5 40. Re7 Rxb2+
41. Ke3 Rxa2 42. f7 Kg7 43. Rd7 b5 44. Rxd6 Kxf7 45. Rd7+ Ke6 46. Rb7 a6 47. Kd4
Rd2+ 48. Kc5 Kf5 49. Rf7+ Ke4 50. Rf6 Ra2 51. f5 Kd3 52. Rh6 Kxc3 53. Rh3+ Kb2
54. Rh2+ Kb3 55. Rxa2 Kxa2 56. Kd4 Kb3 57. f6 c3 58. f7 c2 59. f8=Q c1=Q 60.
Qf3+ Ka4 61. Qe2 Qf4+ 62. Kc5 Qb4+ 63. Kb6 a5 64. Qd1+ Qb3 65. Qa1+ Qa3 66. Qd1+
Qb3 67. Qa1+ Kb4 68. Qe1+ Qc3 69. Qxc3+ Kxc3 70. Kxb5 1/2-1/2

[Event "Millionaire Chess Open 2014"]
[Site "Las Vegas USA"]
[Date "2014.10.12"]
[Round "7.59"]
[White "Obili, Abhishek"]
[Black "Bjorksten, Lennart"]
[Result "1-0"]
[WhiteElo "2048"]
[BlackElo "2127"]
[WhiteFideId "2071584"]
[BlackFideId "2096951"]
[EventDate "2014.10.09"]

1. e4 c6 2. d4 d5 3. e5 Bf5 4. Nf3 e6 5. Be2 c5 6. Be3 Nd7 7. O-O Ne7 8. c4 dxc4
9. Bxc4 Nd5 10. Bxd5 exd5 11. Nc3 Be6 12. dxc5 Nxc5 13. Nd4 Be7 14. f4 Ne4 15.
f5 Nxc3 16. bxc3 Bc8 17. f6 gxf6 18. exf6 Bc5 19. Qh5 Bxd4 20. Bxd4 Be6 21. Rae1
Qd6 22. c4 O-O-O 23. cxd5 Qxd5 24. Be5 Rd6 25. Rc1+ Rc6 26. Rxc6+ Qxc6 27. Bf4
b5 28. Qe5 Kb7 29. Rc1 Qd5 30. Rc7+ Ka6 31. Qe3 Ra8 32. Qa3+ Kb6 33. Qc3 Qxa2
34. Qc6+ 1-0